Liste des noms de Pokémon finissant par F - Statistiques

Statistiques générales
  • Ce quiz a été pris 61 fois
  • Le résultat moyen est 4 sur 11
Statistiques - réponses
Pokémon % Correct
Farigiraf
67%
Poulpaf
64%
Noeunoeuf
61%
Vibraninf
39%
Créhelf
33%
Tyranocif
33%
Bétochef
30%
Prinplouf
27%
Mangriff
24%
Tiplouf
24%
Ratentif
15%
Aucun quiz correspondant
Distribution des résultats
% des personnes avec chaque résultat
Percentile par nombre de réponses
Votre historique - résultats
Vous n’avez pas pris ce quiz